El don de gentes / (Record no. 41697)

MARC details
000 -LEADER
campo de control de longitud fija 00571nam a2200193 i 4500
001 - NÚMERO DE CONTROL
campo de control 41697
003 - IDENTIFICADOR DE NÚMERO DE CONTROL
campo de control ES-MaACL
005 - FECHA Y HORA DE LA ÚLTIMA TRANSACCIÓN
campo de control 20230906160458.0
007 - CAMPO FIJO DE DESCRIPCIÓN FÍSICA--INFORMACIÓN GENERAL
campo de control de longitud fija t|
008 - DATOS DE LONGITUD FIJA--INFORMACIÓN GENERAL
campo de control de longitud fija 030311q1947 sp ||||1| spa d
100 1# - ENTRADA PRINCIPAL--NOMBRE DE PERSONA
Nombre de persona Casson, Herbert N.
9 (RLIN) 36374
245 13 - MENCIÓN DEL TÍTULO
Título El don de gentes /
Mención de responsabilidad, etc. Herbert N. Casson.
260 ## - PUBLICACIÓN, DISTRIBUCIÓN, ETC.
Lugar de publicación, distribución, etc. [Barcelona :
Nombre del editor, distribuidor, etc. Ars,
Fecha de publicación, distribución, etc. 1947?] (
Fabricante C. Casacuberta)
300 ## - DESCRIPCIÓN FÍSICA
Extensión 52 p. :
Otras características físicas il. ;
Dimensiones 21 cm.
490 1# - MENCIÓN DE SERIE
Mención de serie Cuadernos de eficiencia ;
Designación de volumen o secuencia 9
830 0# - PUNTO DE ACCESO ADICIONAL DE SERIE-TÍTULO UNIFORME
Título uniforme Cuadernos de eficiencia ;
Designación de volumen o secuencia 9
9 (RLIN) 229801
852 ## - LOCALIZACIÓN
Ubicación ES-MaACL
Número de control de estantería 1778-F-21
Sublocalización o colección R.26250
Holdings
Estatus retirado Estado de pérdida Estado de daño No para préstamo Colección Biblioteca de origen Biblioteca actual Ubicación en estantería Fecha de adquisición Fuente de adquisición Total de préstamos Signatura topográfica completa Código de barras Visto por última vez Precio de reemplazo Tipo de ítem Koha
        Colección de folletos Biblioteca del Ateneo de Madrid Biblioteca del Ateneo de Madrid Depósito folletos 17/01/2008     1778-F-21 1043896 23/02/2023 23/02/2023 Folleto